|
|
|
|
| LEADER |
00000nam0a2200000 4500 |
| 001 |
265326 |
| 005 |
20231101233918.0 |
| 020 |
|
|
|a RU
|b 86-83058
|
| 035 |
|
|
|a (RuTPU)RU\TPU\book\288327
|
| 090 |
|
|
|a 265326
|
| 100 |
|
|
|a 20140625d1986 km y0rusy5003 ca
|
| 101 |
0 |
|
|a rus
|
| 102 |
|
|
|a UA
|
| 105 |
|
|
|a y z 001zy
|
| 200 |
1 |
|
|a Внедрение ресурсосберегающих технологий в черной металлургии
|f Ю. А. Долгоруков [и др.]
|g под ред. С. С. Аптекаря
|
| 210 |
|
|
|a Киев
|c Технiка
|d 1986
|
| 215 |
|
|
|a 189 с.
|d 21 см
|
| 320 |
|
|
|a Библиогр.: с. 189-190 (21 назв.).
|
| 606 |
1 |
|
|a Черная металлургия
|x Экономия материалов и топлива
|2 stltpush
|3 (RuTPU)RU\TPU\subj\18671
|9 44060
|
| 610 |
1 |
|
|a ресурсосберегающие технологии
|
| 610 |
1 |
|
|a металлургическое производство
|
| 610 |
1 |
|
|a материальные ресурсы
|
| 610 |
1 |
|
|a экономия
|
| 610 |
1 |
|
|a металлы
|
| 610 |
1 |
|
|a сталь
|
| 610 |
1 |
|
|a выплавка
|
| 610 |
1 |
|
|a разливка
|
| 610 |
1 |
|
|a отходы
|
| 610 |
1 |
|
|a вторичное использование
|
| 610 |
1 |
|
|a экономическое стимулирование
|
| 675 |
|
|
|a 669.1.004
|z rus
|v 3
|
| 701 |
|
1 |
|a Долгоруков
|b Ю. А.
|g Юрий Александрович
|
| 701 |
|
1 |
|a Кацнельсон
|b Г. М.
|g Генрих Майорович
|
| 701 |
|
1 |
|a Деревянко
|b В. И.
|g Василий Иванович
|
| 701 |
|
1 |
|a Стрелец
|b А. И.
|g Анатолий Иванович
|
| 702 |
|
1 |
|a Аптекарь
|b С. С.
|4 340
|
| 801 |
|
0 |
|a RU
|b RuMRKP
|c 19950704
|g psbo
|
| 801 |
|
1 |
|a RU
|b 63413507
|c 20140625
|
| 801 |
|
2 |
|a RU
|b 63413507
|c 20150922
|g RCR
|
| 942 |
|
|
|c BK
|